000 00594cam a22002053a 4500
001 42881
003 PGUSA
005 20140828083955.0
008 130607s2013||||xxu|||||s|||||000 | eng d
040 _aPGUSA
_beng
042 _adc
100 1 _aScott, Walter,
_d1771-1832
245 1 0 _aLa promessa sposa di Lammermoor, Tomo I (of 3)
_h[electronic resource] /
_cWalter Scott
260 _bProject Gutenberg,
_c2013
506 _aPublic domain in the USA.
516 _aElectronic text
830 0 _aProject Gutenberg
_v42881
856 4 0 _uhttp://www.gutenberg.org/ebooks/42881
942 _cEB
999 _c272133
_d272133